00599 2200205 4500001002100000005001500021035002000036007000300056008004100059020002200100082001100122084001700133100001700150245003600167260008000203300003800283650001600321700002600337856003000363INLIS00000000000022020231106094505 a0010-1123000003ta231106 g 0 ind  a978-979-1415-26-2 a631576 a631576 BAL t0 aNila Wardani1 aTeknologi Budidaya Cabai MerahN aBogor :bBalai Besar Pengkajian dan Pengembangan Teknologi Pertanian,c2008 a24 hlm :billus, ;c15 cm x 21 cm 4acabai merah0 aJamhari Hadi Purwanta aperpustakaan bpsip sumbar